[Event "FIDE Open World Blitz 2021"]
[Site "Warsaw"]
[Date "2021.12.30"]
[Round "21.23"]
[White "Amin, Bassem"]
[Black "Najer, Evgeniy"]
[Result "1-0"]
[WhiteElo "2617"]
[BlackElo "2654"]
[Annotator "ChessBase"]
[PlyCount "71"]
[EventDate "2021.12.29"]
[EventType "swiss"]
[EventCountry "POL"]
[Tiebreak "Cut1 Buchholz"]
[SourceTitle "playchess.com"]
[Source "ChessBase"]
[SourceQuality "1"]

1. Nf3 d5 2. g3 g6 3. Bg2 Bg7 4. O-O e5 5. d3 Ne7 6. c4 c6 7. e4 O-O 8. b4 h6
9. Bb2 d4 10. a4 c5 11. b5 a5 12. Ra2 b6 13. Bc1 Ra7 14. Ne1 g5 15. f4 exf4 16.
gxf4 gxf4 17. Bxf4 Ng6 18. Bxb8 Rb7 19. Bg3 Re7 20. Raf2 Be5 21. Qh5 Kg7 22.
Nd2 Bxg3 23. hxg3 Re5 24. Rf5 Bxf5 25. exf5 Rfe8 26. Ne4 Qd7 27. Bh3 Qc7 28.
f6+ Kh7 29. Bf5 Rxe4 30. Bxe4 Qxg3+ 31. Ng2 Rg8 32. Rf3 Qd6 33. Rh3 Qf8 34. Kh1
Rh8 35. Nh4 Rg8 36. Nf5 1-0

[Event "FIDE Open World Blitz 2021"]
[Site "Warsaw"]
[Date "2021.12.30"]
[Round "21.23"]
[White "Postny, Evgeny"]
[Black "Berchtenbreiter, Maximilian"]
[Result "1-0"]
[WhiteElo "2557"]
[BlackElo "2506"]
[Annotator "ChessBase"]
[PlyCount "65"]
[EventDate "2021.12.29"]
[EventType "swiss"]
[EventCountry "POL"]
[Tiebreak "Cut1 Buchholz"]
[SourceTitle "playchess.com"]
[Source "ChessBase"]
[SourceQuality "1"]

1. d4 Nf6 2. Nf3 g6 3. c4 Bg7 4. Nc3 O-O 5. e4 c5 6. d5 d6 7. h3 a6 8. a4 e6 9.
Bd3 exd5 10. exd5 Re8+ 11. Be3 Nbd7 12. O-O Ne5 13. Nxe5 Rxe5 14. Bf4 Re8 15.
Qd2 Nh5 16. Bh2 Be5 17. Bxe5 Rxe5 18. Rae1 Rxe1 19. Rxe1 Bd7 20. Qh6 Qf6 21.
Ne4 Qf4 22. Ng5 Nf6 23. Nxf7 Qxh6 24. Nxh6+ Kg7 25. Ng4 Nxg4 26. hxg4 Kf6 27.
g5+ Kxg5 28. Re7 Bxa4 29. Rxb7 Re8 30. b3 Re1+ 31. Kh2 Rd1 32. Be4 Be8 33. Re7
1-0

[Event "FIDE Open World Blitz 2021"]
[Site "Warsaw"]
[Date "2021.12.30"]
[Round "21.24"]
[White "Tang, Andrew"]
[Black "Kovalev, Vladislav"]
[Result "0-1"]
[WhiteElo "2588"]
[BlackElo "2634"]
[Annotator "ChessBase"]
[PlyCount "126"]
[EventDate "2021.12.29"]
[EventType "swiss"]
[EventCountry "POL"]
[Tiebreak "Cut1 Buchholz"]
[SourceTitle "playchess.com"]
[Source "ChessBase"]
[SourceQuality "1"]

1. d4 Nf6 2. c4 e6 3. Nc3 Bb4 4. Qc2 b6 5. e4 c5 6. d5 Qe7 7. Nge2 exd5 8. exd5
d6 9. Bf4 O-O 10. O-O-O Nbd7 11. Ng3 Ne5 12. Bd3 a6 13. Rhe1 b5 14. Bxe5 dxe5
15. f4 bxc4 16. Bxc4 Nd7 17. a3 Ba5 18. fxe5 Nxe5 19. Ba2 c4 20. Kb1 Qg5 21. d6
Nd3 22. Nce4 Nxe1 23. Rxe1 Qg6 24. Rf1 Be6 25. Nc5 Qxc2+ 26. Kxc2 Rac8 27. Nxe6
fxe6 28. Rd1 Rf2+ 29. Kc1 Kf8 30. d7 Rd8 31. Bxc4 Rxg2 32. Ne4 Rg4 33. Bd3 Rxd7
34. Kc2 Ke7 35. Rf1 Rg2+ 36. Rf2 Rxf2+ 37. Nxf2 g6 38. Ng4 Bc7 39. h3 Bf4 40.
Bxa6 Rd2+ 41. Kc3 Rg2 42. Bf1 Rg3+ 43. Kd4 h5 44. Ne5 Bxe5+ 45. Kxe5 Rb3 46. a4
Rxb2 47. a5 Ra2 48. a6 Ra5+ 49. Ke4 g5 50. Be2 Kf6 51. Kd4 g4 52. hxg4 hxg4 53.
Ke4 Ra4+ 54. Ke3 Ke5 55. Bb5 Ra3+ 56. Kf2 Kf4 57. Bf1 e5 58. Bc4 e4 59. Ke2 g3
60. Kf1 Ra4 61. Bb5 Ra1+ 62. Kg2 Ra2+ 63. Kg1 Kf3 0-1

[Event "FIDE Open World Blitz 2021"]
[Site "Warsaw"]
[Date "2021.12.30"]
[Round "21.24"]
[White "Aditya, Mittal"]
[Black "Schneider, Ilja"]
[Result "1-0"]
[WhiteElo "2245"]
[BlackElo "2486"]
[Annotator "ChessBase"]
[PlyCount "85"]
[EventDate "2021.12.29"]
[EventType "swiss"]
[EventCountry "POL"]
[Tiebreak "Cut1 Buchholz"]
[SourceTitle "playchess.com"]
[Source "ChessBase"]
[SourceQuality "1"]

1. d4 d5 2. c4 c6 3. Nf3 Nf6 4. Nc3 a6 5. e3 b5 6. b3 Bg4 7. a4 bxc4 8. bxc4
Nbd7 9. Bd2 e5 10. Be2 exd4 11. Nxd4 Bxe2 12. Qxe2 Ne5 13. cxd5 cxd5 14. O-O
Bc5 15. Nb3 Bd6 16. a5 O-O 17. Na4 Nc4 18. h3 Ne4 19. Be1 Qf6 20. Rd1 Qe5 21.
g3 Rab8 22. Nd4 Qe8 23. Nb6 Nxb6 24. axb6 Rxb6 25. Ba5 Rb8 26. Nf5 Qe6 27. Qg4
g6 28. Nxd6 Nxd6 29. Qxe6 fxe6 30. Bc7 Nc4 31. Bxb8 Rxb8 32. e4 dxe4 33. Rd4
Ne5 34. Kg2 Nf3 35. Ra4 Nd2 36. Re1 a5 37. Rxa5 e3 38. fxe3 Nc4 39. Ra2 Rb3 40.
Kf3 Kg7 41. Rc2 Ne5+ 42. Ke4 Nf7 43. Rc7 1-0

[Event "FIDE Open World Blitz 2021"]
[Site "Warsaw"]
[Date "2021.12.30"]
[Round "21.25"]
[White "Gagunashvili, Merab"]
[Black "Jobava, Baadur"]
[Result "1/2-1/2"]
[WhiteElo "2575"]
[BlackElo "2582"]
[Annotator "ChessBase"]
[PlyCount "138"]
[EventDate "2021.12.29"]
[EventType "swiss"]
[EventCountry "POL"]
[Tiebreak "Cut1 Buchholz"]
[SourceTitle "playchess.com"]
[Source "ChessBase"]
[SourceQuality "1"]

1. d4 d5 2. Nf3 Nf6 3. c4 dxc4 4. e3 Bg4 5. Bxc4 e6 6. Nc3 Nc6 7. h3 Bh5 8. O-O
Bd6 9. Bb5 O-O 10. b3 Qe8 11. Bb2 a6 12. Be2 Rd8 13. Nh4 Bxe2 14. Qxe2 e5 15.
d5 Ne7 16. e4 g6 17. Nd1 Nh5 18. Ne3 Nf4 19. Qc2 f5 20. Nf3 fxe4 21. Qxe4 Ne2+
22. Kh1 Rf4 23. Qd3 Rxf3 24. Qxe2 Rf8 25. Rad1 Nf5 26. Nc4 Rf7 27. Qe4 b5 28.
Ne3 h5 29. Rde1 Qd7 30. Nxf5 Rxf5 31. Re2 Rdf8 32. f3 Kh7 33. Rfe1 R8f7 34. Qd3
Bb4 35. Rd1 Bd6 36. Rde1 Re7 37. Re4 Qc8 38. Qe2 Qg8 39. f4 Qxd5 40. fxe5 Bc5
41. Rd1 Qe6 42. Bd4 Bxd4 43. Rdxd4 Rxe5 44. Rxe5 Qxe5 45. Qxe5 Rxe5 46. Rd7+
Kh6 47. Rxc7 Re2 48. a4 bxa4 49. bxa4 Re4 50. a5 Re5 51. Ra7 Rxa5 52. h4 Ra4
53. Kg1 Ra2 54. Kh2 Ra3 55. Kg1 g5 56. hxg5+ Kxg5 57. Kh2 a5 58. Ra8 a4 59.
Rg8+ Kf5 60. Rh8 Kg6 61. Rg8+ Kh7 62. Rg5 Kh6 63. Ra5 h4 64. Ra8 Ra1 65. Rh8+
Kg5 66. Rg8+ Kf5 67. Rh8 Kg5 68. Rg8+ Kf5 69. Rh8 Kg5 1/2-1/2

[Event "FIDE Open World Blitz 2021"]
[Site "Warsaw"]
[Date "2021.12.30"]
[Round "21.26"]
[White "Riazantsev, Alexander"]
[Black "Abdusattorov, Nodirbek"]
[Result "0-1"]
[WhiteElo "2634"]
[BlackElo "2646"]
[Annotator "ChessBase"]
[PlyCount "60"]
[EventDate "2021.12.29"]
[EventType "swiss"]
[EventCountry "POL"]
[Tiebreak "Cut1 Buchholz"]
[SourceTitle "playchess.com"]
[Source "ChessBase"]
[SourceQuality "1"]

1. d4 Nf6 2. c4 c5 3. d5 e6 4. Nc3 exd5 5. cxd5 d6 6. Nf3 g6 7. Bf4 Bg7 8. e3
O-O 9. h3 Ne8 10. Nd2 Nd7 11. Be2 Ne5 12. O-O Nc7 13. Bh2 b6 14. a4 Ba6 15. Nb5
Qd7 16. f4 Nxd5 17. fxe5 Nxe3 18. Qb3 Nxf1 19. Rxf1 d5 20. Bg4 Qc6 21. Re1 c4
22. Qb4 Bxb5 23. Qxb5 Qxb5 24. axb5 a6 25. bxa6 Rxa6 26. Nf3 Re8 27. e6 f5 28.
Ne5 fxg4 29. Nd7 Bxb2 30. Bd6 Ra1 0-1

[Event "FIDE Open World Blitz 2021"]
[Site "Warsaw"]
[Date "2021.12.30"]
[Round "21.26"]
[White "Kolosowski, Mateusz"]
[Black "Krasenkow, Michal"]
[Result "1-0"]
[WhiteElo "2444"]
[BlackElo "2576"]
[Annotator "ChessBase"]
[PlyCount "55"]
[EventDate "2021.12.29"]
[EventType "swiss"]
[EventCountry "POL"]
[Tiebreak "Cut1 Buchholz"]
[SourceTitle "playchess.com"]
[Source "ChessBase"]
[SourceQuality "1"]

1. e4 e5 2. Nf3 d6 3. d4 Nf6 4. Nc3 Nbd7 5. Bc4 Be7 6. O-O O-O 7. h3 c6 8. a4
b6 9. Re1 a6 10. b3 Bb7 11. Bb2 b5 12. Bd3 b4 13. Ne2 Qc7 14. Ng3 Rfe8 15. a5
Bf8 16. Qd2 c5 17. dxe5 Nxe5 18. Nxe5 dxe5 19. Bc4 g6 20. h4 h5 21. Qg5 Bg7 22.
Qxg6 Kf8 23. Qg5 Bc8 24. Rad1 Bd7 25. Rd3 Rad8 26. Rf3 Be6 27. Rxf6 Bxc4 28.
Nf5 1-0

[Event "FIDE Open World Blitz 2021"]
[Site "Warsaw"]
[Date "2021.12.30"]
[Round "21.27"]
[White "Van Foreest, Jorden"]
[Black "Anton Guijarro, David"]
[Result "1-0"]
[WhiteElo "2566"]
[BlackElo "2669"]
[Annotator "ChessBase"]
[PlyCount "67"]
[EventDate "2021.12.29"]
[EventType "swiss"]
[EventCountry "POL"]
[Tiebreak "Cut1 Buchholz"]
[SourceTitle "playchess.com"]
[Source "ChessBase"]
[SourceQuality "1"]

1. g3 e5 2. c4 Nc6 3. Bg2 Bc5 4. Nc3 a6 5. Nf3 d6 6. e3 Nf6 7. O-O O-O 8. h3
Ba7 9. b3 Re8 10. d3 Ne7 11. Bb2 Ng6 12. d4 exd4 13. Nxd4 c6 14. Qc2 Bd7 15.
Rad1 Qc8 16. Kh2 h5 17. Nf3 Qc7 18. Ne2 Ne4 19. Nfd4 f5 20. f3 Bxd4 21. Nxd4
Nxg3 22. Kxg3 d5+ 23. Kf2 Nh4 24. Kg1 c5 25. cxd5 Qg3 26. Ne6 Bxe6 27. dxe6
Rxe6 28. Qf2 Qxg2+ 29. Qxg2 Nxg2 30. Kxg2 Rxe3 31. Rd7 g5 32. Rg7+ Kf8 33. Rxg5
Rd8 34. Rxf5+ 1-0

[Event "FIDE Open World Blitz 2021"]
[Site "Warsaw"]
[Date "2021.12.30"]
[Round "21.27"]
[White "Carlsson, Pontus"]
[Black "Sankalp, Gupta"]
[Result "0-1"]
[WhiteElo "2457"]
[BlackElo "2323"]
[Annotator "ChessBase"]
[PlyCount "116"]
[EventDate "2021.12.29"]
[EventType "swiss"]
[EventCountry "POL"]
[Tiebreak "Cut1 Buchholz"]
[SourceTitle "playchess.com"]
[Source "ChessBase"]
[SourceQuality "1"]

1. e4 e6 2. d4 d5 3. Nd2 a6 4. Ngf3 Nf6 5. e5 Nfd7 6. Bd3 c5 7. c3 Nc6 8. O-O
Qb6 9. dxc5 Bxc5 10. Qe2 f5 11. b4 Be7 12. a3 Qc7 13. Re1 b5 14. a4 bxa4 15.
Rxa4 O-O 16. Nb3 Bb7 17. Nbd4 Nxd4 18. Nxd4 Rfe8 19. Bd2 Bf8 20. f4 Nb6 21.
Raa1 Nc4 22. Rec1 Rac8 23. Be1 Qf7 24. Bf2 Rc7 25. Nb3 Rec8 26. Nc5 Bxc5 27.
Bxc5 a5 28. Bd4 axb4 29. cxb4 Qd7 30. Bc5 Bc6 31. Rd1 Bb5 32. Qf2 Qe8 33. h3
Ra8 34. Kh2 Rcc8 35. Be2 Rxa1 36. Rxa1 Ra8 37. Qe1 Qc6 38. Bf3 Nb2 39. Rxa8+
Qxa8 40. Bd4 Nd3 41. Qc3 Bc4 42. b5 Bxb5 43. Qc7 Nxf4 44. Be3 Ng6 45. Bc5 Qc6
46. Qd8+ Qe8 47. Qd6 Nf4 48. Be3 Nd3 49. Bd4 h6 50. h4 Nf4 51. Kg3 Ne2+ 52.
Bxe2 Bxe2 53. Bc5 Qg6+ 54. Kf2 Bd3 55. h5 Qxh5 56. Qxe6+ Kh7 57. Qxd5 Qe2+ 58.
Kg1 Be4 0-1

[Event "FIDE Open World Blitz 2021"]
[Site "Warsaw"]
[Date "2021.12.30"]
[Round "21.28"]
[White "Sanal, Vahap"]
[Black "Vokhidov, Shamsiddin"]
[Result "0-1"]
[WhiteElo "2590"]
[BlackElo "2613"]
[Annotator "ChessBase"]
[PlyCount "92"]
[EventDate "2021.12.29"]
[EventType "swiss"]
[EventCountry "POL"]
[Tiebreak "Cut1 Buchholz"]
[SourceTitle "playchess.com"]
[Source "ChessBase"]
[SourceQuality "1"]

1. e4 c5 2. Nf3 d6 3. d4 cxd4 4. Nxd4 Nf6 5. Nc3 Nc6 6. Bg5 Bd7 7. Qd2 a6 8.
O-O-O e6 9. f4 b5 10. Bxf6 gxf6 11. Kb1 b4 12. Nce2 Qb6 13. h4 h5 14. Rh3 a5
15. Re3 a4 16. Nxc6 Bxc6 17. Nd4 Bd7 18. g3 Be7 19. Bc4 Rc8 20. b3 Rg8 21. Qe2
Rg4 22. Qd2 Rc5 23. Qe1 Kf8 24. Qd2 Bc8 25. Qe1 Bb7 26. Nf3 axb3 27. cxb3 Rxc4
28. bxc4 Rxg3 29. Nd4 Rg4 30. Qd2 Rxf4 31. Rd3 e5 32. Ne2 Rxe4 33. Qh6+ Ke8 34.
Ng3 Rg4 35. Qh8+ Kd7 36. Qxh5 Rf4 37. Qxf7 Kd8 38. Qe6 Bc6 39. Rxd6+ Bxd6 40.
Rxd6+ Kc7 41. c5 Qxc5 42. Qe7+ Kb6 43. Qd8+ Kb5 44. Qb8+ Ka4 45. Rd1 Rf2 46.
Rc1 Qd4 0-1

[Event "FIDE Open World Blitz 2021"]
[Site "Warsaw"]
[Date "2021.12.30"]
[Round "21.28"]
[White "Heberla, Bartlomiej"]
[Black "Lopusiewicz, Piotr"]
[Result "0-1"]
[WhiteElo "2373"]
[BlackElo "2279"]
[Annotator "NA"]
[PlyCount "120"]
[EventDate "2021.12.29"]
[EventType "swiss"]
[EventCountry "POL"]
[Tiebreak "Cut1 Buchholz"]
[SourceTitle "playchess.com"]
[Source "ChessBase"]
[SourceQuality "1"]

1. e4 e5 2. Nf3 Nc6 3. Bb5 a6 4. Ba4 Nf6 5. O-O Be7 6. d3 b5 7. Bb3 d6 8. c3
Na5 9. Bc2 c5 10. Nbd2 O-O 11. Re1 Re8 12. Nf1 h6 13. Ng3 Nc6 14. h3 Be6 15.
Bb3 Qd7 16. Nh4 d5 17. Nhf5 Bf8 18. Qf3 c4 19. Bc2 Nh7 20. dxc4 bxc4 21. exd5
Bxd5 22. Rd1 e4 23. Qg4 Kh8 24. Nxh6 Qxg4 25. Nxg4 Rad8 26. Ne3 Be6 27. Rxd8
Rxd8 28. Bxe4 Ne5 29. f4 Nd3 30. f5 Bc5 31. Ngf1 Bc8 32. Kh1 Ng5 33. Bd5 Nf2+
34. Kg1 Nfe4 35. h4 Nf6 36. Bxc4 Nge4 37. Bxf7 Bxf5 38. b4 Ba7 39. c4 Bd4 40.
Rb1 Nd6 41. Rb3 Nxf7 42. Kh1 Be6 43. Rd3 Ne4 44. Kh2 Be5+ 45. Kg1 Rxd3 46. c5
Bd4 47. c6 Rc3 48. Bb2 Bxe3+ 49. Kh2 Rc2 50. Ba3 Bf4+ 51. Kg1 Rxc6 52. b5 axb5
53. h5 Rc3 54. Bb4 Rc2 55. a3 Ne5 56. h6 Bxh6 57. Kh2 Bf4+ 58. Kg1 Ng4 59. Be1
Rc1 60. Bh4 Be3+ 0-1

[Event "FIDE Open World Blitz 2021"]
[Site "Warsaw"]
[Date "2021.12.30"]
[Round "21.29"]
[White "Czarnota, Pawel"]
[Black "Sjugirov, Sanan"]
[Result "0-1"]
[WhiteElo "2502"]
[BlackElo "2589"]
[Annotator "ChessBase"]
[PlyCount "118"]
[EventDate "2021.12.29"]
[EventType "swiss"]
[EventCountry "POL"]
[Tiebreak "Cut1 Buchholz"]
[SourceTitle "playchess.com"]
[Source "ChessBase"]
[SourceQuality "1"]

1. e4 c5 2. Nf3 d6 3. d4 cxd4 4. Nxd4 Nf6 5. Nc3 a6 6. Be2 e5 7. Nb3 Be7 8. Bg5
Be6 9. Bxf6 Bxf6 10. Qd3 Be7 11. O-O-O Nd7 12. Nd5 Bxd5 13. Qxd5 b5 14. Kb1 O-O
15. g3 Qc7 16. f4 Nb6 17. Qd2 Rfc8 18. c3 a5 19. Bxb5 a4 20. Nc1 a3 21. b3 Qxc3
22. Qxc3 Rxc3 23. Bd3 Rc7 24. Ne2 g6 25. Rc1 Rb7 26. Rc6 Kg7 27. Rhc1 Raa7 28.
Nc3 Ra8 29. Nb5 exf4 30. gxf4 d5 31. e5 Bb4 32. Rc7 Rab8 33. R1c2 Nd7 34. Nd4
Ba5 35. R7c6 Bb6 36. Nb5 Be3 37. Nd6 Ra7 38. Rc7 Rba8 39. Nc8 Rxc7 40. Rxc7 Nc5
41. Nb6 Rd8 42. Kc2 Nxd3 43. Kxd3 Bxb6 44. Rb7 Bc5 45. e6 Rf8 46. b4 Bd6 47.
Kd4 Kf6 48. Kxd5 Bxf4 49. exf7 Rxf7 50. Rb6+ Kf5 51. h3 Rd7+ 52. Kc4 Rd2 53.
Kb3 Rd3+ 54. Ka4 Rxh3 55. Rc6 g5 56. Rc5+ Ke6 57. b5 Rd3 58. b6 Rd4+ 59. Kb5
Rd5 0-1

[Event "FIDE Open World Blitz 2021"]
[Site "Warsaw"]
[Date "2021.12.30"]
[Round "21.29"]
[White "Kanarek, Marcel"]
[Black "Jakubowski, Krzysztof"]
[Result "1-0"]
[WhiteElo "2342"]
[BlackElo "2373"]
[Annotator "NA"]
[PlyCount "100"]
[EventDate "2021.12.29"]
[EventType "swiss"]
[EventCountry "POL"]
[Tiebreak "Cut1 Buchholz"]
[SourceTitle "playchess.com"]
[Source "ChessBase"]
[SourceQuality "1"]

1. e4 c6 2. d4 d5 3. Nc3 dxe4 4. Nxe4 Nf6 5. Nxf6+ exf6 6. c3 Bd6 7. Bd3 O-O 8.
Qc2 Re8+ 9. Ne2 h5 10. O-O Nd7 11. Nf4 h4 12. Qd1 Nf8 13. Qh5 Bxf4 14. Bxf4 h3
15. gxh3 Be6 16. Rfe1 Qd7 17. Re3 Qd5 18. Qxd5 cxd5 19. h4 Ng6 20. Bg3 Ne7 21.
Rae1 Rec8 22. f3 a6 23. Bd6 Nf5 24. Bxf5 Bxf5 25. Re7 Rc6 26. Ba3 b5 27. Kf2
Be6 28. Bc5 Kh7 29. Kg3 Kg6 30. Kf4 Kh5 31. Rg1 Rg8 32. Kg3 Rh8 33. a4 bxa4 34.
Rb7 g5 35. hxg5 fxg5 36. Ra1 Kg6 37. Rxa4 Rcc8 38. Rxa6 Rh3+ 39. Kg2 Rch8 40.
Bd6 g4 41. fxg4 R3h4 42. Bg3 Rxg4 43. b4 Re4 44. b5 Re2+ 45. Kf3 Rc2 46. Rc6
Ra8 47. Re7 Kf5 48. b6 Ra1 49. b7 Rb1 50. Rc5 Rcb2 1-0

[Event "FIDE Open World Blitz 2021"]
[Site "Warsaw"]
[Date "2021.12.30"]
[Round "21.30"]
[White "Mastrovasilis, Dimitrios"]
[Black "Kantor, Gergely"]
[Result "1-0"]
[WhiteElo "2577"]
[BlackElo "2566"]
[Annotator "ChessBase"]
[PlyCount "61"]
[EventDate "2021.12.29"]
[EventType "swiss"]
[EventCountry "POL"]
[Tiebreak "Cut1 Buchholz"]
[SourceTitle "playchess.com"]
[Source "ChessBase"]
[SourceQuality "1"]

1. e4 e5 2. Nf3 Nc6 3. Nc3 Nf6 4. d4 exd4 5. Nxd4 Bb4 6. Nxc6 bxc6 7. Bd3 O-O
8. O-O d5 9. exd5 cxd5 10. h3 c6 11. Qf3 Bd6 12. Bg5 Rb8 13. b3 Be5 14. Bf4
Bxf4 15. Qxf4 Be6 16. Na4 Qa5 17. Qd6 Rfc8 18. Qc5 Qc7 19. Rfe1 Nd7 20. Qe7 Re8
21. Qh4 h6 22. Re3 Qd8 23. Qd4 a5 24. Rae1 Rb4 25. c4 Rf8 26. Nc5 Nxc5 27. Qxc5
Qb6 28. Qd6 Rd8 29. Rxe6 fxe6 30. Qxe6+ Kh8 31. Qe8+ 1-0

[Event "FIDE Open World Blitz 2021"]
[Site "Warsaw"]
[Date "2021.12.30"]
[Round "21.30"]
[White "Gdanski, Jacek"]
[Black "Lubczynski, Rafal"]
[Result "1-0"]
[WhiteElo "2367"]
[BlackElo "2361"]
[Annotator "NA"]
[PlyCount "111"]
[EventDate "2021.12.29"]
[EventType "swiss"]
[EventCountry "POL"]
[Tiebreak "Cut1 Buchholz"]
[SourceTitle "playchess.com"]
[Source "ChessBase"]
[SourceQuality "1"]

1. e4 d6 2. d4 Nf6 3. Nc3 Nbd7 4. Nf3 e5 5. Bc4 Be7 6. O-O O-O 7. Re1 c6 8. a4
a5 9. h3 h6 10. b3 Qc7 11. Ba3 Re8 12. Qd2 Nf8 13. Rad1 Ng6 14. dxe5 dxe5 15.
Bxe7 Qxe7 16. Qd6 Be6 17. Bxe6 Qxe6 18. Qxe6 Rxe6 19. Nd2 Nd7 20. Nc4 Nc5 21.
Rd2 Ree8 22. Red1 f6 23. f3 Nf4 24. Nd6 Red8 25. Nf5 Nfe6 26. Rxd8+ Rxd8 27.
Rxd8+ Nxd8 28. Nd1 h5 29. Nb2 g6 30. Nd6 Nde6 31. Nbc4 Nd4 32. Nxa5 Nxc2 33.
Ndxb7 Nxb7 34. Nxb7 Nb4 35. Kf2 Kf7 36. Ke3 Ke7 37. Kd2 f5 38. Kc3 Na6 39. b4
fxe4 40. fxe4 g5 41. Kc4 g4 42. hxg4 hxg4 43. g3 Nb8 44. Nc5 Kd6 45. a5 Kc7 46.
Nd3 Kd6 47. Nf2 Nd7 48. Nxg4 c5 49. b5 Nf8 50. a6 Nd7 51. Kc3 Nb6 52. a7 Ke6
53. Ne3 Kd7 54. Nd5 Na8 55. b6 Kc6 56. g4 1-0

[Event "FIDE Open World Blitz 2021"]
[Site "Warsaw"]
[Date "2021.12.30"]
[Round "21.31"]
[White "Harsha, Bharathakoti"]
[Black "Asadli, Vugar"]
[Result "0-1"]
[WhiteElo "2576"]
[BlackElo "2386"]
[Annotator "ChessBase"]
[PlyCount "92"]
[EventDate "2021.12.29"]
[EventType "swiss"]
[EventCountry "POL"]
[Tiebreak "Cut1 Buchholz"]
[SourceTitle "playchess.com"]
[Source "ChessBase"]
[SourceQuality "1"]

1. f4 g6 2. Nf3 Bg7 3. g3 b5 4. e4 Bb7 5. d3 e6 6. Bg2 Ne7 7. O-O O-O 8. c3 c5
9. Be3 d6 10. Nbd2 Nbc6 11. d4 cxd4 12. cxd4 Rc8 13. Qe2 a6 14. Rac1 Qd7 15.
Bf2 Rc7 16. Bh3 f5 17. Rfe1 Rfc8 18. Nb3 Nd8 19. Rxc7 Rxc7 20. d5 fxe4 21. dxe6
exf3 22. exd7 fxe2 23. Bb6 Nd5 24. Bxc7 Nxc7 25. Rxe2 Kf7 26. Rc2 Nce6 27. Rc8
Bf6 28. Na5 Bd5 29. Bg2 Bxg2 30. Kxg2 Ke7 31. b3 Kxd7 32. Rc1 d5 33. Kf3 Nd4+
34. Ke3 N4c6 35. Nxc6 Nxc6 36. a4 Kd6 37. axb5 axb5 38. g4 b4 39. g5 Bc3 40. h4
Ne7 41. h5 Nf5+ 42. Kf3 Nd4+ 43. Kg4 Nxb3 44. hxg6 Nxc1 45. gxh7 b3 46. f5 Bh8
0-1

[Event "FIDE Open World Blitz 2021"]
[Site "Warsaw"]
[Date "2021.12.30"]
[Round "21.31"]
[White "Gluszko, Tomasz"]
[Black "Kuzmicz, Krystian"]
[Result "0-1"]
[WhiteElo "2086"]
[BlackElo "2281"]
[Annotator "NA"]
[PlyCount "80"]
[EventDate "2021.12.29"]
[EventType "swiss"]
[EventCountry "POL"]
[Tiebreak "Cut1 Buchholz"]
[SourceTitle "playchess.com"]
[Source "ChessBase"]
[SourceQuality "1"]

1. d4 e6 2. e4 d5 3. Bd3 dxe4 4. Bxe4 Nf6 5. Bf3 c5 6. Ne2 Nc6 7. Be3 Nd5 8. c4
Nxe3 9. fxe3 cxd4 10. exd4 Be7 11. O-O Bf6 12. Bxc6+ bxc6 13. Nbc3 O-O 14. Ne4
Be7 15. Kh1 Rb8 16. Qc2 Qa5 17. Rf3 e5 18. dxe5 Qxe5 19. N2c3 Bf5 20. Re1 Bg6
21. Qe2 Bb4 22. Ng3 Qa5 23. a3 Bd6 24. b4 Qxa3 25. c5 Bxg3 26. Rxg3 Qxb4 27.
Qf2 Rbe8 28. Rge3 Qxc5 29. Qd2 Rxe3 30. Rxe3 a5 31. h4 Qb4 32. Qf2 a4 33. Ne2
a3 34. Nf4 Qb1+ 35. Re1 a2 36. Nxg6 hxg6 37. Rxb1 axb1=Q+ 38. Kh2 Qf5 39. Qd4
Re8 40. g4 Qe5+ 0-1

[Event "FIDE Open World Blitz 2021"]
[Site "Warsaw"]
[Date "2021.12.30"]
[Round "21.32"]
[White "Michalik, Peter"]
[Black "Ghaem Maghami, Ehsan"]
[Result "0-1"]
[WhiteElo "2605"]
[BlackElo "2520"]
[Annotator "ChessBase"]
[PlyCount "68"]
[EventDate "2021.12.29"]
[EventType "swiss"]
[EventCountry "POL"]
[Tiebreak "Cut1 Buchholz"]
[SourceTitle "playchess.com"]
[Source "ChessBase"]
[SourceQuality "1"]

1. e4 c6 2. Nf3 d5 3. d3 Bg4 4. h3 Bh5 5. Qe2 e6 6. g4 dxe4 7. dxe4 Bg6 8. h4
h5 9. g5 Nd7 10. Nbd2 Qc7 11. Bg2 a5 12. b3 a4 13. Bb2 b5 14. a3 f6 15. c4 b4
16. Nd4 bxa3 17. Bc3 Nc5 18. b4 e5 19. bxc5 exd4 20. Bxd4 Rd8 21. Nf3 Bxc5 22.
Bc3 Ne7 23. gxf6 gxf6 24. Bxf6 Qa5+ 25. Kf1 Rf8 26. Bg5 Qc3 27. Ra2 Qb3 28. Kg1
Rd3 29. Rh3 Qd1+ 30. Kh2 Qxe2 31. Rxe2 Rb3 32. Ne5 Rb2 33. Re1 Rfxf2 34. Rg3
Bd6 0-1

[Event "FIDE Open World Blitz 2021"]
[Site "Warsaw"]
[Date "2021.12.30"]
[Round "21.32"]
[White "Yunusov, Mukhammad"]
[Black "Wieczorek, Oskar"]
[Result "0-1"]
[WhiteElo "1874"]
[BlackElo "2258"]
[Annotator "NA"]
[PlyCount "116"]
[EventDate "2021.12.29"]
[EventType "swiss"]
[EventCountry "POL"]
[Tiebreak "Cut1 Buchholz"]
[SourceTitle "playchess.com"]
[Source "ChessBase"]
[SourceQuality "1"]

1. d4 Nf6 2. Bf4 g6 3. Nc3 c5 4. e3 Bg7 5. Nf3 O-O 6. Be2 cxd4 7. exd4 d5 8.
O-O Nc6 9. Ne5 Qb6 10. Nxc6 Qxc6 11. Bf3 Bf5 12. Re1 Ne4 13. Bxe4 dxe4 14. g4
Bc8 15. Nxe4 Rd8 16. c3 b6 17. f3 Bb7 18. Qe2 Rd5 19. Rad1 Rad8 20. Ng3 e6 21.
Kg2 Qa4 22. b3 Qc6 23. Ne4 h6 24. Qe3 g5 25. Bg3 f5 26. gxf5 exf5 27. Nxg5 hxg5
28. Qxg5 f4 29. Qxf4 Rf8 30. Qe4 Rdf5 31. d5 Rxd5 32. Rxd5 Qxd5 33. Qxd5+ Bxd5
34. Re3 b5 35. Rd3 Be6 36. Rd6 Re8 37. Ra6 Bxc3 38. Rxa7 Bf5 39. Bf2 Re2 40.
Kg3 Be5+ 41. f4 Bf6 42. Rb7 Bd3 43. a4 bxa4 44. bxa4 Ra2 45. Ra7 Ra3 46. Kg4
Ra2 47. Bg3 Rc2 48. h4 Rc5 49. h5 Be2+ 50. Kh3 Rxh5+ 51. Kg2 Bc4 52. Rc7 Bd5+
53. Kf2 Bd4+ 54. Ke2 Rh3 55. Be1 Be4 56. Kd2 Rh2+ 57. Kd1 Be3 58. Re7 Bf3# 0-1

[Event "FIDE Open World Blitz 2021"]
[Site "Warsaw"]
[Date "2021.12.30"]
[Round "21.33"]
[White "Sargissian, Gabriel"]
[Black "Harikrishna, Pentala"]
[Result "1-0"]
[WhiteElo "2664"]
[BlackElo "2614"]
[Annotator "ChessBase"]
[PlyCount "97"]
[EventDate "2021.12.29"]
[EventType "swiss"]
[EventCountry "POL"]
[Tiebreak "Cut1 Buchholz"]
[SourceTitle "playchess.com"]
[Source "ChessBase"]
[SourceQuality "1"]

1. d4 Nf6 2. c4 e6 3. Nf3 d5 4. g3 Bb4+ 5. Bd2 a5 6. a3 Bxd2+ 7. Nbxd2 O-O 8.
Bg2 b6 9. O-O Bb7 10. Qc2 Nbd7 11. c5 bxc5 12. dxc5 c6 13. b4 Ba6 14. Rfe1 e5
15. e4 d4 16. Nc4 Bxc4 17. Qxc4 axb4 18. axb4 Rxa1 19. Rxa1 Nxe4 20. Re1 Nef6
21. Nxe5 Nxe5 22. Rxe5 d3 23. Re1 d2 24. Rd1 Re8 25. Qc3 Re2 26. Bf3 Nd5 27.
Rxd2 Qa8 28. Bxd5 Re1+ 29. Kg2 cxd5 30. Qd3 g6 31. Qxd5 Qa3 32. Qd8+ Kg7 33.
Qd4+ Kg8 34. Rd1 Re2 35. Qd8+ Kg7 36. Qd4+ Kg8 37. Qf4 Re8 38. Rd4 Qa4 39. Qf3
Rc8 40. h4 Rb8 41. Qf4 Qa8+ 42. Qe4 Qa2 43. Qd3 Qa8+ 44. Qe4 Qa2 45. h5 Qa4 46.
h6 Qb5 47. Qe5 Qc6+ 48. Kg1 f6 49. Qxb8+ 1-0